[Event "Baku ol (Men) 42nd"]
[Site "Baku"]
[Date "2016.09.11"]
[Round "9.1"]
[White "Abdyjapar, Asyl"]
[Black "Delgado Ramirez, Neuris"]
[Result "0-1"]
[WhiteElo "2390"]
[BlackElo "2618"]
[PlyCount "72"]
[EventDate "2016.09.02"]
[EventType "team-swiss"]
[EventRounds "11"]
[EventCountry "AZE"]
[SourceTitle "CBM 175"]
[Source "ChessBase"]
[SourceDate "2016.11.10"]
[SourceVersion "1"]
[SourceVersionDate "2016.11.10"]
[SourceQuality "1"]
[WhiteTeam "Kyrgyzstan"]
[BlackTeam "Paraguay"]
[WhiteTeamCountry "KGZ"]
[BlackTeamCountry "PAR"]

1. d4 Nf6 2. c4 e6 3. Nc3 Bb4 4. Qc2 b6 5. e4 c5 6. e5 cxd4 7. a3 Bxc3+ 8. bxc3
Ng8 9. Qe4 Nc6 10. cxd4 f5 11. Qe3 Nge7 12. Bb2 Ba6 13. d5 Na5 14. d6 Ng6 15.
h4 O-O 16. h5 Nh8 17. Rc1 Rc8 18. Qf4 Rc5 19. Nf3 Nf7 20. Bd3 Nh6 21. Rh3 Nc6
22. Rg3 Ng4 23. Ke2 Kh8 24. Rxg4 fxg4 25. Qxg4 Qe8 26. Bg6 Qc8 27. Bd3 Na5 28.
h6 g6 29. Nh4 Rf7 30. Bd4 Nb3 31. Rc3 Nxd4+ 32. Qxd4 Qf8 33. Nf3 Qxh6 34. Qe3
Qxe3+ 35. Kxe3 Rf8 36. Kd4 Bb7 0-1

[Event "Baku ol (Men) 42nd"]
[Site "Baku"]
[Date "2016.09.12"]
[Round "10.1"]
[White "Delgado Ramirez, Neuris"]
[Black "Hansen, Sune Berg"]
[Result "1-0"]
[WhiteElo "2618"]
[BlackElo "2595"]
[PlyCount "106"]
[EventDate "2016.09.02"]
[EventType "team-swiss"]
[EventRounds "11"]
[EventCountry "AZE"]
[SourceTitle "CBM 175"]
[Source "ChessBase"]
[SourceDate "2016.11.10"]
[SourceVersion "1"]
[SourceVersionDate "2016.11.10"]
[SourceQuality "1"]
[WhiteTeam "Paraguay"]
[BlackTeam "Denmark"]
[WhiteTeamCountry "PAR"]
[BlackTeamCountry "DEN"]

1. e4 e5 2. Nf3 Nc6 3. Bb5 a6 4. Ba4 Nf6 5. Qe2 Be7 6. Bxc6 dxc6 7. Nc3 Bd6 8.
d3 c5 9. Bg5 h6 10. Bh4 Be6 11. Nd2 Be7 12. Bg3 Bd6 13. Nc4 Bxc4 14. dxc4 Nd7
15. O-O Qg5 16. Nd5 O-O 17. Rad1 Rfd8 18. Rd3 Kh8 19. Rf3 f6 20. Rd3 Nf8 21. f4
exf4 22. Nxf4 Bxf4 23. Bxf4 Qg6 24. Bxc7 Re8 25. e5 Ne6 26. Rg3 Qf7 27. exf6
Qxc7 28. Re3 Qd7 29. f7 Rf8 30. Rxe6 Rxf7 31. Rd1 Qc7 32. Qe5 Kg8 33. Qxc7 Rxc7
34. Red6 Re8 35. Rd8 Rce7 36. R1d2 b5 37. Rxe8+ Rxe8 38. cxb5 axb5 39. Rd5 Rc8
40. Kf2 Kf7 41. Ke3 Ke6 42. Ke4 b4 43. h4 Rc7 44. h5 Rc8 45. g4 Rc7 46. a4 bxa3
47. bxa3 Ra7 48. Rxc5 Rxa3 49. Rc6+ Kf7 50. c4 Ra1 51. Rg6 Rd1 52. c5 Rd2 53.
c6 Rd1 1-0

[Event "Baku ol (Men) 42nd"]
[Site "Baku"]
[Date "2016.09.13"]
[Round "11.1"]
[White "Pelletier, Yannick"]
[Black "Delgado Ramirez, Neuris"]
[Result "1/2-1/2"]
[WhiteElo "2555"]
[BlackElo "2618"]
[PlyCount "88"]
[EventDate "2016.09.02"]
[EventType "team-swiss"]
[EventRounds "11"]
[EventCountry "AZE"]
[SourceTitle "CBM 175"]
[Source "ChessBase"]
[SourceDate "2016.11.10"]
[SourceVersion "1"]
[SourceVersionDate "2016.11.10"]
[SourceQuality "1"]
[WhiteTeam "Switzerland"]
[BlackTeam "Paraguay"]
[WhiteTeamCountry "SUI"]
[BlackTeamCountry "PAR"]

1. d4 Nf6 2. c4 e6 3. Nf3 b6 4. g3 Ba6 5. Qa4 c6 6. Nc3 d5 7. cxd5 b5 8. Qb3
cxd5 9. e3 Nbd7 10. Bxb5 Rb8 11. a4 Qa5 12. Ra2 Bb4 13. O-O O-O 14. Bd2 Rfc8
15. Rfa1 h6 16. Qd1 Bxc3 17. Bxc3 Qb6 18. Qe2 Bxb5 19. axb5 Rb7 20. Ra6 Qc7 21.
Rc6 Qb8 22. Ne5 Ne4 23. Rxc8+ Qxc8 24. Nc6 Nb8 25. Rc1 Kh7 26. Ba5 f5 27. Rc2
Qe8 28. Nxb8 Qxb8 29. Rc6 Rxb5 30. b4 Qb7 31. Rxe6 Qd7 32. Re5 Rb8 33. Qa2 Qc6
34. Qb1 Rf8 35. Kg2 Qc4 36. b5 Rf6 37. Qb2 Qa4 38. Bd8 Rf7 39. Rxd5 Qd1 40. Ba5
Ng5 41. Rc5 Qf3+ 42. Kg1 Qd1+ 43. Kg2 Qf3+ 44. Kg1 Qd1+ 1/2-1/2

[Event "Blumenau Ann 100 op"]
[Site "Blumenau"]
[Date "2016.09.23"]
[Round "1"]
[White "Melo, Sergio Roberto Samp"]
[Black "Delgado Ramirez, Neuris"]
[Result "0-1"]
[WhiteElo "1784"]
[BlackElo "2618"]
[PlyCount "54"]
[EventDate "2016.09.23"]
[EventType "swiss"]
[EventRounds "6"]
[EventCountry "BRA"]
[SourceTitle "CBM 174 Extra"]
[Source "ChessBase"]
[SourceDate "2016.10.10"]
[SourceVersion "1"]
[SourceVersionDate "2016.10.10"]
[SourceQuality "1"]

1. c3 d5 2. Qc2 e5 3. d3 Nc6 4. e4 Nf6 5. Be2 a5 6. a4 Bc5 7. Nf3 O-O 8. O-O h6
9. Na3 Re8 10. exd5 Nxd5 11. Nc4 Bf5 12. Nfd2 Bg6 13. Ne4 Bf8 14. Ne3 Nf4 15.
Nc4 f5 16. Ng3 Nxe2+ 17. Qxe2 Qd7 18. b3 Rac8 19. Rd1 b6 20. Ba3 Bxa3 21. Nxa3
h5 22. h3 Rf8 23. Nb5 f4 24. Ne4 f3 25. gxf3 Rf4 26. Qf1 Rh4 27. Qg2 Bxe4 0-1

[Event "Blumenau Ann 100 op"]
[Site "Blumenau"]
[Date "2016.09.24"]
[Round "2"]
[White "Delgado Ramirez, Neuris"]
[Black "Moyses Sobrinho, Elias"]
[Result "1-0"]
[WhiteElo "2618"]
[BlackElo "1910"]
[PlyCount "61"]
[EventDate "2016.09.23"]
[EventType "swiss"]
[EventRounds "6"]
[EventCountry "BRA"]
[SourceTitle "CBM 174 Extra"]
[Source "ChessBase"]
[SourceDate "2016.10.10"]
[SourceVersion "1"]
[SourceVersionDate "2016.10.10"]
[SourceQuality "1"]

1. e4 e5 2. Nf3 Nf6 3. Nxe5 Qe7 4. Nf3 Qxe4+ 5. Be2 Be7 6. O-O O-O 7. Re1 Bc5
8. d4 Bb6 9. Bg5 d6 10. Bxf6 gxf6 11. Nc3 Qg6 12. Bd3 f5 13. Nd5 Kh8 14. Qd2
Rg8 15. g3 Nc6 16. Nh4 Qg7 17. c3 Be6 18. Nxf5 Bxf5 19. Bxf5 Qg5 20. Qd3 h5 21.
Kh1 Rae8 22. h4 Qh6 23. Qf3 Nd8 24. Bd3 Re6 25. Ne7 Re8 26. Rxe6 fxe6 27. Ng6+
Kg8 28. Re1 c6 29. Qf6 Qg7 30. Qg5 Qh8 31. f4 1-0

[Event "Blumenau Ann 100 op"]
[Site "Blumenau"]
[Date "2016.09.24"]
[Round "3"]
[White "Barbosa, Jefferson Lucas Mun"]
[Black "Delgado Ramirez, Neuris"]
[Result "0-1"]
[WhiteElo "2089"]
[BlackElo "2618"]
[PlyCount "58"]
[EventDate "2016.09.23"]
[EventType "swiss"]
[EventRounds "6"]
[EventCountry "BRA"]
[SourceTitle "CBM 174 Extra"]
[Source "ChessBase"]
[SourceDate "2016.10.10"]
[SourceVersion "1"]
[SourceVersionDate "2016.10.10"]
[SourceQuality "1"]

1. e4 c5 2. Nf3 d6 3. d4 cxd4 4. Nxd4 Nf6 5. Nc3 a6 6. Be3 e5 7. Nb3 Be6 8. f3
h5 9. Qd2 Nbd7 10. O-O-O Rc8 11. Kb1 Be7 12. Be2 b5 13. a4 bxa4 14. Nxa4 O-O
15. Bxa6 Rc7 16. Nc3 Qa8 17. Nb5 Rc6 18. Na5 Rxa6 19. Nc7 Rxa5 20. Nxa8 Rfxa8
21. b3 d5 22. Qc3 dxe4 23. Bg5 exf3 24. gxf3 Nb6 25. Rhg1 Nbd5 26. Qxe5 Nd7 27.
Qb2 Ba3 28. Qd4 Bc5 29. Qb2 Ra2 0-1

[Event "Blumenau Ann 100 op"]
[Site "Blumenau"]
[Date "2016.09.24"]
[Round "4"]
[White "Delgado Ramirez, Neuris"]
[Black "Goncalves, Davi Sulzbacher"]
[Result "1-0"]
[WhiteElo "2618"]
[BlackElo "2201"]
[PlyCount "69"]
[EventDate "2016.09.23"]
[EventType "swiss"]
[EventRounds "6"]
[EventCountry "BRA"]
[SourceTitle "CBM 174 Extra"]
[Source "ChessBase"]
[SourceDate "2016.10.10"]
[SourceVersion "1"]
[SourceVersionDate "2016.10.10"]
[SourceQuality "1"]

1. b3 d5 2. Bb2 Nf6 3. e3 g6 4. d4 Bg7 5. c4 O-O 6. Nf3 b6 7. Be2 Bb7 8. Nc3
Nbd7 9. cxd5 Nxd5 10. Nxd5 Bxd5 11. Qc2 e6 12. Rd1 Bb7 13. O-O Rc8 14. b4 c6
15. a4 Qc7 16. Rc1 Rfd8 17. Rfd1 Re8 18. Qb3 Bf8 19. Rc2 Qd6 20. Bc3 Nf6 21.
Be1 Nd5 22. Rb1 Bg7 23. a5 Nc7 24. Nd2 Ba6 25. Bxa6 Nxa6 26. axb6 axb6 27. Nc4
Qc7 28. b5 Nb8 29. Rbc1 c5 30. dxc5 bxc5 31. b6 Qe7 32. Ra2 Nc6 33. Qb5 Red8
34. b7 Rc7 35. Ba5 1-0

[Event "Blumenau Ann 100 op"]
[Site "Blumenau"]
[Date "2016.09.25"]
[Round "5"]
[White "Matsuura, Frederico"]
[Black "Delgado Ramirez, Neuris"]
[Result "1/2-1/2"]
[WhiteElo "2320"]
[BlackElo "2618"]
[PlyCount "99"]
[EventDate "2016.09.23"]
[EventType "swiss"]
[EventRounds "6"]
[EventCountry "BRA"]
[SourceTitle "CBM 174 Extra"]
[Source "ChessBase"]
[SourceDate "2016.10.10"]
[SourceVersion "1"]
[SourceVersionDate "2016.10.10"]
[SourceQuality "1"]

1. d4 Nf6 2. Nf3 b6 3. g3 Bb7 4. Bg2 g6 5. c4 Bg7 6. O-O O-O 7. Nc3 Ne4 8. Nxe4
Bxe4 9. Ne1 Bxg2 10. Nxg2 d6 11. Rb1 c5 12. dxc5 bxc5 13. Qa4 Qc7 14. Nf4 e6
15. Bd2 Nc6 16. Rfc1 Rab8 17. Bc3 Bh6 18. Qd1 Nb4 19. Bd2 Bg7 20. a3 Nc6 21. b4
Nd4 22. e3 Nf5 23. Bc3 Bxc3 24. Rxc3 a6 25. Qf3 Rfc8 26. Nd3 cxb4 27. axb4 d5
28. Nc5 a5 29. cxd5 axb4 30. Rcc1 Qa7 31. Nb3 Rxc1+ 32. Rxc1 Qa3 33. Qd1 exd5
34. Qxd5 Qb2 35. Rc7 Qf6 36. e4 Ng7 37. Qd7 Ne6 38. Rc8+ Rxc8 39. Qxc8+ Kg7 40.
Qc4 Qe7 41. Na5 Qd6 42. Nb3 Qd1+ 43. Kg2 Ng5 44. Qxb4 Qf3+ 45. Kf1 Nxe4 46.
Qd4+ f6 47. Qd7+ Kh6 48. Qh3+ Kg7 49. Qd7+ Kh6 50. Qh3+ 1/2-1/2

[Event "Blumenau Ann 100 op"]
[Site "Blumenau"]
[Date "2016.09.25"]
[Round "6"]
[White "Delgado Ramirez, Neuris"]
[Black "Cunha, Lucas Aguiar"]
[Result "1-0"]
[WhiteElo "2618"]
[BlackElo "2297"]
[PlyCount "85"]
[EventDate "2016.09.23"]
[EventType "swiss"]
[EventRounds "6"]
[EventCountry "BRA"]
[SourceTitle "CBM 174 Extra"]
[Source "ChessBase"]
[SourceDate "2016.10.10"]
[SourceVersion "1"]
[SourceVersionDate "2016.10.10"]
[SourceQuality "1"]

1. e4 c5 2. Nf3 e6 3. b3 Nc6 4. Bb2 d6 5. Bb5 Nge7 6. d4 cxd4 7. Nxd4 a6 8.
Bxc6+ bxc6 9. c4 c5 10. Ne2 Bb7 11. Nd2 Ng6 12. O-O Be7 13. Ng3 Bf6 14. Qc2 Nf4
15. Nf3 h5 16. Rad1 Bxb2 17. Qxb2 Qf6 18. Qxf6 gxf6 19. Nh4 Ke7 20. Rfe1 a5 21.
a4 Rhg8 22. f3 Ra6 23. Kf2 Rb6 24. Re3 Rb8 25. Nf1 Ng6 26. Nxg6+ fxg6 27. Nd2
f5 28. exf5 gxf5 29. Rde1 d5 30. Re5 Kf7 31. f4 Rd8 32. R1e3 Rg8 33. g3 d4 34.
Re1 h4 35. Rxc5 hxg3+ 36. hxg3 Rh8 37. Ke2 Rh2+ 38. Kd1 Be4 39. Rb5 Rxb5 40.
axb5 Bd3 41. Nf3 Bc2+ 42. Kc1 Rg2 43. Nxd4 1-0

[Event "Brasilia CBX/FBX"]
[Site "Brasilia"]
[Date "2016.10.26"]
[Round "1"]
[White "Delgado Ramirez, Neuris"]
[Black "Valle, Adriano"]
[Result "1-0"]
[WhiteElo "2611"]
[BlackElo "2286"]
[PlyCount "51"]
[EventDate "2016.10.26"]
[EventType "tourn"]
[EventRounds "9"]
[EventCountry "BRA"]
[EventCategory "2"]
[SourceTitle "CBM 175 Extra"]
[Source "ChessBase"]
[SourceDate "2016.12.12"]
[SourceVersion "1"]
[SourceVersionDate "2016.12.12"]
[SourceQuality "1"]

1. e4 e6 2. d4 d5 3. Nd2 Nf6 4. e5 Nfd7 5. Ngf3 c5 6. c3 Nc6 7. Bd3 Be7 8. O-O
g5 9. dxc5 g4 10. Nd4 Ndxe5 11. Bb5 Bxc5 12. f4 Bxd4+ 13. cxd4 Nd7 14. Bxc6
bxc6 15. Qxg4 Qf6 16. f5 Ba6 17. Rf2 h5 18. Qh3 Qxd4 19. fxe6 fxe6 20. Qxe6+
Kd8 21. Nf3 Qd1+ 22. Ne1 Qa4 23. Rf7 c5 24. Bg5+ Kc7 25. Bf4+ Kc8 26. Qd6 1-0

[Event "Brasilia CBX/FBX"]
[Site "Brasilia"]
[Date "2016.10.27"]
[Round "2"]
[White "Gisclan, Heverton"]
[Black "Delgado Ramirez, Neuris"]
[Result "0-1"]
[WhiteElo "2205"]
[BlackElo "2611"]
[PlyCount "78"]
[EventDate "2016.10.26"]
[EventType "tourn"]
[EventRounds "9"]
[EventCountry "BRA"]
[EventCategory "2"]
[SourceTitle "CBM 175 Extra"]
[Source "ChessBase"]
[SourceDate "2016.12.12"]
[SourceVersion "1"]
[SourceVersionDate "2016.12.12"]
[SourceQuality "1"]

1. d4 Nf6 2. c4 e6 3. Nf3 b6 4. g3 Ba6 5. Qc2 Bb4+ 6. Nbd2 Bb7 7. Bg2 Be4 8.
Qd1 Bxd2+ 9. Bxd2 d6 10. O-O Nbd7 11. Bg5 O-O 12. Nd2 Bxg2 13. Kxg2 Qc8 14. e4
c5 15. d5 Qb7 16. f3 exd5 17. cxd5 b5 18. Rf2 h6 19. Bxf6 Nxf6 20. Nf1 Qb6 21.
Ne3 g6 22. Qd2 Rae8 23. h3 Nd7 24. h4 Nf6 25. b3 h5 26. a4 a6 27. axb5 axb5 28.
Qc3 Nd7 29. Rfa2 Ne5 30. Ra7 Qd8 31. R1a6 Re7 32. f4 Rxa7 33. Rxa7 Ng4 34. Nxg4
hxg4 35. Qd3 Qb8 36. Rd7 c4 37. bxc4 bxc4 38. Qe2 c3 39. Qxg4 Qb2+ 0-1

[Event "Brasilia CBX/FBX"]
[Site "Brasilia"]
[Date "2016.10.28"]
[Round "3"]
[White "Delgado Ramirez, Neuris"]
[Black "Rodi, Luis Ernesto"]
[Result "1-0"]
[WhiteElo "2611"]
[BlackElo "2315"]
[PlyCount "67"]
[EventDate "2016.10.26"]
[EventType "tourn"]
[EventRounds "9"]
[EventCountry "BRA"]
[EventCategory "2"]
[SourceTitle "CBM 175 Extra"]
[Source "ChessBase"]
[SourceDate "2016.12.12"]
[SourceVersion "1"]
[SourceVersionDate "2016.12.12"]
[SourceQuality "1"]

1. b3 f5 2. Bb2 Nf6 3. e3 g6 4. Nc3 Bg7 5. h4 d6 6. Be2 Nc6 7. d4 Be6 8. h5 Bf7
9. h6 Bf8 10. d5 Ne5 11. Nf3 Nxf3+ 12. Bxf3 Rg8 13. Ne2 Qd7 14. Bxf6 exf6 15.
Nd4 O-O-O 16. Qd2 Kb8 17. Rh4 g5 18. Nc6+ bxc6 19. dxc6 Qc8 20. Rb4+ Ka8 21.
Rb7 Bxh6 22. Qd4 Qxb7 23. cxb7+ Kb8 24. O-O-O Bg7 25. Bd5 Rgf8 26. Qc4 Bh5 27.
Rd4 f4 28. Qa6 Be8 29. Qa5 Bd7 30. Rc4 c5 31. b4 fxe3 32. fxe3 f5 33. b5 f4 34.
Ra4 1-0

[Event "Brasilia CBX/FBX"]
[Site "Brasilia"]
[Date "2016.10.29"]
[Round "4"]
[White "Delgado Ramirez, Neuris"]
[Black "Nascimento, Davi da Silva"]
[Result "1-0"]
[WhiteElo "2611"]
[BlackElo "2117"]
[PlyCount "47"]
[EventDate "2016.10.26"]
[EventType "tourn"]
[EventRounds "9"]
[EventCountry "BRA"]
[EventCategory "2"]
[SourceTitle "CBM 175 Extra"]
[Source "ChessBase"]
[SourceDate "2016.12.12"]
[SourceVersion "1"]
[SourceVersionDate "2016.12.12"]
[SourceQuality "1"]

1. e4 c5 2. Nf3 d6 3. c3 Nf6 4. Be2 e6 5. O-O Be7 6. Re1 O-O 7. Bf1 b6 8. d4
Bb7 9. Nbd2 cxd4 10. cxd4 Ne8 11. a3 Nd7 12. Bd3 g6 13. Nf1 f5 14. exf5 exf5
15. Bc4+ d5 16. Bb3 Ng7 17. Bh6 Bf6 18. Ne3 Nb8 19. Ne5 Re8 20. Qf3 Bxe5 21.
dxe5 Rxe5 22. Nxd5 Rxe1+ 23. Rxe1 Kh8 24. Qc3 1-0

[Event "Brasilia CBX/FBX"]
[Site "Brasilia"]
[Date "2016.10.29"]
[Round "5"]
[White "De Paula, Rafael Figueiredo"]
[Black "Delgado Ramirez, Neuris"]
[Result "0-1"]
[WhiteElo "2249"]
[BlackElo "2611"]
[PlyCount "122"]
[EventDate "2016.10.26"]
[EventType "tourn"]
[EventRounds "9"]
[EventCountry "BRA"]
[EventCategory "2"]
[SourceTitle "CBM 175 Extra"]
[Source "ChessBase"]
[SourceDate "2016.12.12"]
[SourceVersion "1"]
[SourceVersionDate "2016.12.12"]
[SourceQuality "1"]

1. e4 c5 2. Nf3 d6 3. d4 cxd4 4. Nxd4 Nf6 5. Nc3 a6 6. Bc4 e6 7. O-O Nc6 8.
Nxc6 bxc6 9. Qe2 d5 10. Bb3 Be7 11. Ba4 Bd7 12. e5 Ng8 13. Qg4 g6 14. Ne2 h5
15. Qf3 Qc7 16. Nd4 Rc8 17. Qe2 Qa5 18. b3 h4 19. Bd2 Qb6 20. Be3 Qb7 21. h3
Rh5 22. f4 Nh6 23. c3 c5 24. Bxd7+ Qxd7 25. Nf3 Nf5 26. Bf2 c4 27. b4 a5 28. a3
Kf8 29. Nd4 Kg7 30. Rfb1 Bd8 31. Qc2 Nxd4 32. Bxd4 Rf5 33. Rf1 Rb8 34. Rab1 Qc6
35. Kh1 Bc7 36. Qf2 Bd8 37. Qc2 a4 38. Qd1 Qb5 39. Qg4 Be7 40. Rbd1 Rh8 41. Qe2
Kf8 42. Be3 Ke8 43. Qd2 Kd7 44. Qd4 Bd8 45. Qa7+ Bc7 46. Qd4 Kc6 47. Qd2 Qb7
48. Rb1 Kb5 49. Rbd1 Bb6 50. Qe2 Bc7 51. Bd4 Qc6 52. Qd2 Rg8 53. Be3 Bb6 54.
Bxb6 Qxb6 55. Qe2 Qc7 56. Rd4 g5 57. Rfd1 Kb6 58. Qe3 Kb7 59. Rxd5 exd5 60.
Rxd5 Qc6 61. Rd6 Qxg2+ 0-1

[Event "Brasilia CBX/FBX"]
[Site "Brasilia"]
[Date "2016.10.30"]
[Round "6"]
[White "Delgado Ramirez, Neuris"]
[Black "Souza Neves, Andrey Marcelo"]
[Result "1-0"]
[WhiteElo "2611"]
[BlackElo "2200"]
[PlyCount "85"]
[EventDate "2016.10.26"]
[EventType "tourn"]
[EventRounds "9"]
[EventCountry "BRA"]
[EventCategory "2"]
[SourceTitle "CBM 175 Extra"]
[Source "ChessBase"]
[SourceDate "2016.12.12"]
[SourceVersion "1"]
[SourceVersionDate "2016.12.12"]
[SourceQuality "1"]

1. e4 c6 2. Nf3 d5 3. exd5 cxd5 4. Ne5 Nc6 5. d4 e6 6. c3 Nxe5 7. dxe5 Qc7 8.
Bf4 Ne7 9. Bd3 Nc6 10. Bg3 Bd7 11. Qe2 Be7 12. Nd2 h5 13. h4 O-O-O 14. Nf3 Rdg8
15. Bf4 f6 16. exf6 Qxf4 17. fxe7 e5 18. Bb5 e4 19. Bxc6 exf3 20. Bxd7+ Kxd7
21. Qxf3 Qxf3 22. gxf3 Kxe7 23. O-O-O Rd8 24. Rhg1 Kf7 25. Rg5 Rh6 26. Rdxd5
Rxd5 27. Rxd5 Rf6 28. Kd2 g6 29. Rd7+ Ke6 30. Rxb7 Rxf3 31. Ke2 Rf5 32. Rxa7
Rf4 33. a4 Rxh4 34. b3 Rh1 35. a5 h4 36. Rh7 g5 37. a6 Ra1 38. b4 Kf6 39. b5
Kg6 40. Rh8 Kg7 41. b6 Rxa6 42. b7 Re6+ 43. Kf3 1-0

[Event "Brasilia CBX/FBX"]
[Site "Brasilia"]
[Date "2016.10.30"]
[Round "7"]
[White "Lucena, Lincoln"]
[Black "Delgado Ramirez, Neuris"]
[Result "0-1"]
[WhiteElo "2127"]
[BlackElo "2611"]
[PlyCount "110"]
[EventDate "2016.10.26"]
[EventType "tourn"]
[EventRounds "9"]
[EventCountry "BRA"]
[EventCategory "2"]
[SourceTitle "CBM 175 Extra"]
[Source "ChessBase"]
[SourceDate "2016.12.12"]
[SourceVersion "1"]
[SourceVersionDate "2016.12.12"]
[SourceQuality "1"]

1. c4 b6 2. Nc3 Bb7 3. e4 e5 4. Nf3 Nc6 5. d3 Bc5 6. Be2 Nge7 7. O-O d6 8. Be3
O-O 9. d4 exd4 10. Nxd4 Nxd4 11. Bxd4 Nc6 12. Bxc5 bxc5 13. Bd3 Re8 14. Qd2 Nd4
15. Rae1 Qh4 16. f4 Re6 17. Qf2 Qxf2+ 18. Kxf2 f6 19. Nd5 Bxd5 20. exd5 Rxe1
21. Rxe1 Kf7 22. Re3 Rb8 23. b3 f5 24. Re1 a5 25. Rb1 h6 26. g3 Ke7 27. h3 a4
28. bxa4 Ra8 29. g4 Rxa4 30. Rb2 Ra3 31. Rd2 Kf6 32. Kg2 g6 33. Kf2 c6 34. dxc6
Ra6 35. c7 Rc6 36. Bf1 Rxc7 37. Bg2 Ra7 38. Bd5 Ra3 39. Kg2 Rc3 40. Rf2 Nc2 41.
Re2 fxg4 42. Re6+ Kf5 43. hxg4+ Kxf4 44. Kf2 Nd4 45. Re4+ Kg5 46. a4 Ra3 47.
Re3 Rxa4 48. Kg3 Ra2 49. Kh3 Ne2 50. Bc6 Rc2 51. Bb5 Ng1+ 52. Kg3 h5 53. gxh5
gxh5 54. Re4 h4+ 55. Rxh4 Rc3+ 0-1

[Event "Brasilia CBX/FBX"]
[Site "Brasilia"]
[Date "2016.10.31"]
[Round "8"]
[White "Delgado Ramirez, Neuris"]
[Black "Cubas, Jose Fernando"]
[Result "1/2-1/2"]
[WhiteElo "2611"]
[BlackElo "2466"]
[PlyCount "74"]
[EventDate "2016.10.26"]
[EventType "tourn"]
[EventRounds "9"]
[EventCountry "BRA"]
[EventCategory "2"]
[SourceTitle "CBM 175 Extra"]
[Source "ChessBase"]
[SourceDate "2016.12.12"]
[SourceVersion "1"]
[SourceVersionDate "2016.12.12"]
[SourceQuality "1"]

1. e4 c5 2. Nf3 Nc6 3. Bb5 g6 4. O-O Bg7 5. Re1 e5 6. c3 Nge7 7. d4 cxd4 8.
cxd4 Nxd4 9. Nxd4 exd4 10. Bf4 O-O 11. Bd6 Qb6 12. e5 Qxb5 13. Bxe7 Re8 14. Bd6
b6 15. Qxd4 Bb7 16. a4 Qc6 17. f3 f6 18. Nc3 fxe5 19. Qd3 Rac8 20. Re4 Re6 21.
Rd1 Rxd6 22. Qxd6 Qxd6 23. Rxd6 Bxe4 24. fxe4 Rc7 25. Nd5 Rb7 26. Kf2 Bf8 27.
Rf6 Rb8 28. Rf3 Rc8 29. Rc3 Rc6 30. Ke2 Kf7 31. Rf3+ Kg7 32. Rc3 Bc5 33. b3 h5
34. Rc1 Kf7 35. Rf1+ Kg7 36. Rc1 Kf7 37. Rf1+ Kg7 1/2-1/2

[Event "Brasilia CBX/FBX"]
[Site "Brasilia"]
[Date "2016.11.01"]
[Round "9"]
[White "Dimitrijevic, Darko"]
[Black "Delgado Ramirez, Neuris"]
[Result "0-1"]
[WhiteElo "2237"]
[BlackElo "2611"]
[PlyCount "68"]
[EventDate "2016.10.26"]
[EventType "tourn"]
[EventRounds "9"]
[EventCountry "BRA"]
[EventCategory "2"]
[SourceTitle "CBM 175 Extra"]
[Source "ChessBase"]
[SourceDate "2016.12.12"]
[SourceVersion "1"]
[SourceVersionDate "2016.12.12"]
[SourceQuality "1"]

1. e4 c5 2. b3 g6 3. Bb2 Nf6 4. g3 Bg7 5. Bg2 O-O 6. Ne2 Nc6 7. O-O d6 8. d4
Nd7 9. c3 Qc7 10. Qd2 b5 11. d5 Na5 12. Na3 Rb8 13. Nc2 Nb6 14. Ne3 Bd7 15.
Rab1 c4 16. b4 Nb7 17. Nd4 a5 18. a3 Ra8 19. h4 axb4 20. axb4 Ra2 21. Ra1 Rfa8
22. Rfb1 Qc8 23. Kh2 Nd8 24. Nec2 f6 25. Rxa2 Rxa2 26. Qe1 Nf7 27. f4 Nh6 28.
Bc1 f5 29. Ra1 Rxa1 30. Nxa1 Bxd4 31. cxd4 fxe4 32. Qxe4 Kf7 33. Kg1 Qa8 34.
Qb1 Bf5 0-1

[Event "PAR-ch"]
[Site "Asuncion"]
[Date "2016.12.05"]
[Round "1"]
[White "Delgado Ramirez, Neuris"]
[Black "Villalba, Marcelo"]
[Result "1-0"]
[WhiteElo "2617"]
[BlackElo "2255"]
[PlyCount "155"]
[EventDate "2016.12.05"]
[EventType "tourn"]
[EventRounds "9"]
[EventCountry "PAR"]
[EventCategory "5"]
[SourceTitle "CBM 176 Extra"]
[Source "ChessBase"]
[SourceDate "2017.03.02"]
[SourceVersion "1"]
[SourceVersionDate "2017.03.02"]
[SourceQuality "1"]

1. b3 c5 2. Bb2 Nc6 3. e4 e5 4. Bc4 g6 5. Nc3 Bg7 6. h4 h6 7. h5 g5 8. Qf3 Nf6
9. Nge2 O-O 10. Ng3 d6 11. a3 a6 12. Qe3 b5 13. Bd5 Nxd5 14. Nxd5 Ne7 15. Nxe7+
Qxe7 16. a4 b4 17. O-O-O Be6 18. d3 Qb7 19. f3 f5 20. exf5 Bxf5 21. Nxf5 Rxf5
22. Qe4 Rf7 23. Rhe1 Rb8 24. Qxb7 Rbxb7 25. Re4 Kf8 26. Rde1 Rbe7 27. Kd1 Ke8
28. c3 bxc3 29. Bxc3 Rb7 30. Kc2 Kd7 31. Rc4 Bf8 32. Rg4 Kc6 33. Bd2 Bg7 34.
Rb1 Rf8 35. b4 cxb4 36. Rc4+ Kd7 37. Rcxb4 Rc8+ 38. Kd1 Rxb4 39. Rxb4 Bf6 40.
Ke2 Bd8 41. d4 exd4 42. Kd3 Ke6 43. Rb7 Rc7 44. Rb8 Bf6 45. Rb6 Ra7 46. Bb4 Be5
47. Ke4 d3 48. Kxd3 Kd5 49. Bd2 Bd4 50. Rb4 Bc5 51. Rb8 Bd4 52. Rg8 Bg7 53. a5
Kc6 54. Rc8+ Rc7 55. Ra8 Kb5 56. Rb8+ Kc5 57. Rb6 Rc6 58. Rb7 Be5 59. Bb4+ Kd5
60. Rh7 Rc4 61. Be1 g4 62. Rxh6 gxf3 63. gxf3 Rd4+ 64. Ke2 Ra4 65. Rh7 Ra2+ 66.
Kf1 Ke6 67. Rc7 Ra1 68. h6 Bg3 69. Kg2 Rxe1 70. Kxg3 Rh1 71. h7 Kf6 72. Kg4 Rh2
73. Ra7 d5 74. Rxa6+ Kg7 75. Rd6 Rd2 76. Rd7+ Kh8 77. a6 Ra2 78. a7 1-0

[Event "PAR-ch"]
[Site "Asuncion"]
[Date "2016.12.06"]
[Round "2"]
[White "Del Puerto, Rodrigo"]
[Black "Delgado Ramirez, Neuris"]
[Result "0-1"]
[WhiteElo "2163"]
[BlackElo "2617"]
[PlyCount "134"]
[EventDate "2016.12.05"]
[EventType "tourn"]
[EventRounds "9"]
[EventCountry "PAR"]
[EventCategory "5"]
[SourceTitle "CBM 176 Extra"]
[Source "ChessBase"]
[SourceDate "2017.03.02"]
[SourceVersion "1"]
[SourceVersionDate "2017.03.02"]
[SourceQuality "1"]

1. c4 b6 2. Nc3 Bb7 3. e4 e5 4. Nf3 Nc6 5. Be2 Bc5 6. O-O d6 7. d3 Nge7 8. a3
O-O 9. Rb1 a5 10. Nd5 Nxd5 11. cxd5 Nd4 12. Nxd4 Bxd4 13. Bg4 c6 14. dxc6 Bxc6
15. Kh1 d5 16. exd5 Bxd5 17. Bf3 Rc8 18. Be3 Ba2 19. Rc1 Rxc1 20. Qxc1 Be6 21.
Re1 Qd6 22. h3 Rd8 23. Bxd4 Qxd4 24. Re3 Rc8 25. Qd2 f6 26. Kh2 Bb3 27. Re4 Qd6
28. Bd1 Bf7 29. Kg1 Rd8 30. Re3 Bg6 31. Bb3+ Kh8 32. Bc2 Qd4 33. Qc3 Qxc3 34.
bxc3 b5 35. a4 bxa4 36. Bxa4 Bxd3 37. f3 h5 38. Kf2 h4 39. Bb3 Rb8 40. Rxd3
Rxb3 41. Rd5 Rxc3 42. Rxa5 Kh7 43. Ra4 g5 44. Ra2 Kg6 45. Rb2 Kf5 46. Ra2 Rb3
47. Rc2 Rb6 48. Ra2 Ke6 49. Rc2 Rd6 50. Ke2 Kf5 51. Ra2 Kf4 52. Kf2 f5 53. Rb2
e4 54. fxe4 fxe4 55. Rb5 Rd2+ 56. Kf1 Rd4 57. Ke2 e3 58. Ra5 g4 59. hxg4 Rd2+
60. Kf1 Rf2+ 61. Kg1 Kg3 62. Ra3 Rxg2+ 63. Kf1 Rf2+ 64. Kg1 Kf3 65. Kh1 Rd2 66.
g5 Kf2 67. Ra8 e2 0-1